Online
Catalog

La noche quede atras / (Record no. 4216)

MARC details
000 -CABECERA
campo de control de longitud fija 00605cam a2200193 a 4500
001 - NÚMERO DE CONTROL
campo de control 000004407
005 - FECHA Y HORA DE LA ÚLTIMA TRANSACCIÓN
campo de control 20200929151434.0
008 - DATOS DE LONGITUD FIJA--INFORMACIÓN GENERAL
campo de control de longitud fija 950608s1970 mx 000 0aspa d
040 ## - FUENTE DE LA CATALOGACIÓN
Centro catalogador/agencia de origen DO-SdBNP
Lengua de catalogación spa
Centro/agencia transcriptor BNPHU
041 17 - CÓDIGO DE LENGUA
Código de lengua del texto/banda sonora o título independiente spa
Código de lengua original eng
082 ## - NÚMERO DE LA CLASIFICACIÓN DECIMAL DEWEY
Número de clasificación 833.3162
Número de documento/Ítem V215u
100 1# - ENTRADA PRINCIPAL--NOMBRE DE PERSONA
Nombre de persona Valtin, Jan,
Fechas asociadas al nombre 1904-1951.
9 (RLIN) 12963
245 13 - MENCIÓN DE TÍTULO
Título La noche quede atras /
Mención de responsabilidad, etc. Jan Valtin ; traucción Juan Rodríguez Chicano.
260 ## - PUBLICACIÓN, DISTRIBUCIÓN, ETC.
Lugar de publicación, distribución, etc. México, D. F. :
Nombre del editor, distribuidor, etc. Diana,
Fecha de publicación, distribución, etc. 1970.
300 ## - DESCRIPCIÓN FÍSICA
Extensión vi, 800 p. ;
Dimensiones 21 cm.
650 #4 - PUNTO DE ACCESO ADICIONAL DE MATERIA--TÉRMINO DE MATERIA
Término de materia o nombre geográfico como elemento de entrada Novela alemana
9 (RLIN) 3302
650 #4 - PUNTO DE ACCESO ADICIONAL DE MATERIA--TÉRMINO DE MATERIA
Término de materia o nombre geográfico como elemento de entrada Literatura alemana
9 (RLIN) 3274
700 1# - PUNTO DE ACCESO ADICIONAL--NOMBRE DE PERSONA
Nombre de persona Rodríquez Chicano, Juan,
Término indicativo de función/relación tr.
9 (RLIN) 12964
Holdings
Estado de retiro Estado de pérdida Restricciones de uso No para préstamo Código de colección Localización permanente Ubicación/localización actual Ubicación en estantería Fecha de adquisición Número de inventario Total de préstamos Signatura topográfica completa Código de barras Fecha visto por última vez Precio válido a partir de Tipo de ítem Koha Número de copia
        Monografías: Libros y Folletos General General Depósito 21.07.2009 LF1   833.3162 V215u 4407-10 25.06.2020 25.06.2020 Préstamo en sala  
      Excluido de préstamo Monografías: Libros y Folletos General General Depósito 04.09.2013 LF1   833.3162 V215u 4407-20 25.06.2020 25.06.2020 No se presta e. 2

Powered by Koha